1815 1549 1082 1012 1540 1554 1043 1606 1815 1668 1042 1491 1106 1328 1373 1816 1339 1018 1974 1637 1128 1230 1776 1984 1428 1677 1359 1618 1869 1838 1237 1430 1018 1999 1480 1505 1826 1779 1572 1192 1414 1471 1037 1239 1034 1147 1730 1849 1026 1740 1481 1113 1981 1909 1655 1553 1970 1843 1112 1913 1158 1419 1638 1635 1113 1169 1619 1901 1174 1152 1910 1899 1729 1886 1823 1989 1859 1868 1675 1161 1878 1382 1614 1096 1092 1618 1954 1882 1257 1523 1567 1060 1919 1924 1432 1382 1416 1808 1048 BCNSPRNW ULIB Ver.6.0+V

เปลี่ยนเป็นภาษาไทย

Change to English
 แสดงรายละเอียดบรรณานุกรม
  กลับหน้าหลัก

Brief Record : Get Marc (ISO 2709) : E-mail record : QR code < ปิดหน้าต่าง
LEADER : 00000nam 2200000uu 4500
001    13399114279
003     ULIB
008    110627s||||||||th 000 0 tha d
020    9789749140869
090    นว.^bช516ค
100 0  ชาติ กอบจิตติ
245 00 คำพิพากษา/^cชาติ กอบจิตติ
250    พิมพ์ครั้งที่ 4
260    กรุงเทพฯ :^bพี เอ ลิฟวิ่ง,^c2547
300    328 หน้า
710 1  พี เอ ลิฟวิ่ง
945    ^p265^l0^i022048
995    ทศพร
999 ^a ใช้งานได้ทุกระบบ
รายการนี้ยังไม่มีแท็ก
คุณยังไม่ได้ล็อกอิน คุณสามารถมีกิจกรรมร่วมกับเว็บไซต์ได้ แต่ต้องล็อกอินก่อน ::
  ล็อกอิน

รายการสื่อสารสนเทศ

ลำดับที่ ประเภท เลขเรียก/บาร์โค้ด สถานที่ สถานะ
1. นวนิยาย
นวนิยาย
นว. ช516ค ฉ.1 
  Barcode: 022048
ห้องสมุดวิทยาเขตสวรรค์ประชารักษ์
►นวนิยาย
บนชั้น
  ขอยืม

BibComment


ยังไม่เคยถูกคอมเมนท์

คอมเมนท์ทรัพยากรรายการนี้
  คอมเมนท์: คำพิพากษา ชาติ ก..


 Copyright 2026. Bcnsprnw @Library